Devine le joueur de football selon ses clubs #14 - Statistiques

Statistiques générales
  • Ce quiz a été pris 253 fois
  • Le résultat moyen est 3 sur 7
Statistiques - réponses
1er club 2ème club 3ème club 4ème club 5ème club 6ème club Joueurs % Correct
Grêmio PSG FC Barcelone AC Milan Atlético Mineiro Querétaro FC Ronaldinho
78%
FC Metz B FC Metz KRC Genk SSC Naples Chelsea FC Al-Hilal FC Kalidou Koulibaly
61%
AS Nancy Séville FC FC Barcelone Tottenham (prêt) Aston Villa (prêt) Atlético de Madrid (prêt) Clément Lenglet
60%
AS Cherbourg OM (réserve) Reims Rennes Chelsea FC Al-Ahli FC Edouard Mendy
54%
FC Nantes OM Bordeaux (prêt) Juventus Chelsea Valence CF Didider Deschamps
34%
AS Cannes AC Milan Arsenal FC Juventus Inter Milan Manchester City Patrick Vieira
34%
Wydad AC Atlético de Madrid Real Saragosse (prêt) Gérone FC Séville FC Al-Hilal FC Yassine Bounou
25%
Aucun quiz correspondant
Distribution des résultats
% des personnes avec chaque résultat
Percentile par nombre de réponses
Votre historique - résultats
Vous n’avez pas pris ce quiz